Neoliberalismo, drogas y valores sociales: el debate en el área andina a partir de 1990 = Neoliberalism, drugs and social values : the debate in the andean area since 1990 /
Se critica la postura favorable a la legalización de las drogas en la zona andina boliviana como un derivado de la filosofía neoliberal y la moral individualista postmoderna. Se plantea, además, que los productores de coca bolivianos desean la preservación del orden actual: prohibición legal y discu...
Guardado en:
| Hovedforfatter: | |
|---|---|
| Format: | Texto |
| Fag: | |
| Tags: |
Tilføj Tag
Ingen Tags, Vær først til at tagge denne postø!
|
MARC
| LEADER | 00000 a a2200000 04500 | ||
|---|---|---|---|
| 001 | 41069 | ||
| 003 | |||
| 040 | |||
| 100 | |a Mansilla, H. C. F. | ||
| 245 | |a Neoliberalismo, drogas y valores sociales: el debate en el área andina a partir de 1990 = |b Neoliberalism, drugs and social values : the debate in the andean area since 1990 / |c H.C.F. Mansilla | ||
| 500 | |a hcf_mansilla@yahoo.com | ||
| 520 | |a Se critica la postura favorable a la legalización de las drogas en la zona andina boliviana como un derivado de la filosofía neoliberal y la moral individualista postmoderna. Se plantea, además, que los productores de coca bolivianos desean la preservación del orden actual: prohibición legal y discursiva de las drogas, pero tolerancia fáctica en la producción y comercialización. | ||
| 590 | |a EFU/JUNIO2011 | ||
| 650 | |a 1.BOLIVIA | ||
| 650 | |a 2.DROGAS DE USO INDEBIDO | ||
| 650 | |a 3.GLOBALIZACION | ||
| 650 | |a 4.VALORES SOCIALES | ||
| 650 | |a 5.NEOLIBERALISMO | ||
| 650 | |a 6.ESTUDIOS DE CASOS | ||
| 773 | |g número123 ( , 2009), páginas 93-103 | ||
| 999 | |c 33830 |d 33830 | ||
| 773 | 0 | |0 18728 |9 3021 |a Universidad de Costa Rica |d San José, Costa Rica Editorial UCR 1956- |o 12276 |t Revista de Ciencias Sociales/ |x 04825276 | |
